[Event "Warsaw YMCA Autumn-B 206th"]
[Site "Warsaw"]
[Date "2018.11.06"]
[Round "6"]
[White "Sypula, Krzysztof"]
[Black "Kalejta, Arkadiusz"]
[Result "0-1"]
[WhiteElo "1607"]
[BlackElo "1701"]
[PlyCount "114"]
[EventDate "2018.09.20"]
[EventType "tourn"]
[EventRounds "11"]
[EventCountry "POL"]
[SourceTitle "EXT 2021"]
[Source "ChessBase"]
[SourceDate "2020.10.23"]
[SourceVersion "1"]
[SourceVersionDate "2020.10.23"]
[SourceQuality "1"]

1. c4 c6 2. Nf3 Nf6 3. b3 d5 4. e3 e6 5. Bb2 Bd6 6. d4 Qe7 7. Nbd2 Nbd7 8. Bd3 e5 9. cxd5 e4 10. dxc6 bxc6 11. Ne5 exd3 12. Nxc6 Qe6 13. 0-0 Bb7 14. Na5 Be4 15. Nac4 0-0 16. Nxd6 Qxd6 17. Nxe4 Nxe4 18. Qxd3 Rfe8 19. Rac1 Ndf6 20. f3 Ng5 21. e4 Qb6 22. Rf2 Rac8 23. Rfc2 Rxc2 24. Rxc2 Ne6 25. g3 Rd8 26. Rc4 Ne8 27. Kg2 Nd6 28. Rc1 h6 29. d5 Nb5 30. Qc4 Nd6 31. Qc3 Nb5 32. Qe1 Nc5 33. Qe2 a6 34. Rc4 Nd6 35. Rc2 Re8 36. Bd4 Ndb7 37. Qf2 Rc8 38. Rc4 Qb5 39. Qc2 a5 40. a3 Kh7 41. b4 axb4 42. axb4 Nd3 43. Rc5 Rxc5 44. Qd2 Rc1 45. Bb2 Qc4 46. Bxc1 Nxc1 47. d6 Nxd6 48. Qxd6 Qe2+ 49. Kh3 Qxf3 50. Qf4 Qh5+ 51. Kg2 Qe2+ 52. Kh3 Qh5+ 53. Kg2 Nd3 54. Qd2 Qb5 55. Qc3 Nxb4 56. Qf3 Qd7 57. Qc3 Nc6 0-1